Culture Générale - Série 772 - Statistiques

Statistiques générales
  • Ce quiz a été pris 187 fois
  • Le résultat moyen est 3 sur 10
Statistiques - réponses
Question Réponse % Correct
Dans quelle capitale africaine est né Daniel Auteuil ? Alger
80%
Quelle est la capitale du Sultanat d'Oman ? Mascate
45%
Trouvez le nom de la sous-préfecture du Vaucluse composé de 3 lettres ? Apt
38%
Quelle ancienne monnaie chinoise se cache derrière le mot "etal" ? tael
30%
En changeant une lettre de l'orange, quel excellent champignon comestible obtenez-vous ? oronge
29%
Quel fleuve arrose la ville espagnole de Tolède ? Tage
29%
Nom donné à une espèce de bruant, qui porte le nom d'une chanson de Pierre Perret zizi
20%
Cap célèbre de la province espagnole d'Alicante ? Nao
11%
Nom donné au bâton de Saint Antoine tau
8%
Dans quelle ville le Maréchal Fernad Foch est-il né le 2 octobre 1851 ? Tarbes
6%
Aucun quiz correspondant
Distribution des résultats
% des personnes avec chaque résultat
Percentile par nombre de réponses
Votre historique - résultats
Vous n’avez pas pris ce quiz